[Event "46th Bosna it"]
[Site "Sarajevo BIH"]
[Date "2016.06.01"]
[Round "7.30"]
[White "Dedic, Nedzad"]
[Black "Injac, Teodora"]
[Result "0-1"]
[WhiteElo "1977"]
[BlackElo "2185"]
[EventDate "2016.05.28"]
[PlyCount "56"]

1.e4 e6 2.d4 d5 3.Nc3 Nf6 4.exd5 exd5 5.Bd3 Be7 6.Nf3 O-O 7.Bf4 Re8 8.O-O 
Bg4 9.h3 Bh5 10.Re1 c6 11.g4 Bg6 12.Ne5 Nbd7 13.Bg3 Bb4 14.h4 Qa5 15.Re3 
Nxe5 16.dxe5 d4 17.Bxg6 hxg6 18.Rf3 dxc3 19.exf6 cxb2 20.Rb1 Re1+ 21.Qxe1 
Bxe1 22.Rxb2 b6 23.fxg7 Bc3 24.Rb3 Bxg7 25.Rbe3 Qxa2 26.Re7 a5 27.Rc7 a4 
28.Rxc6 Qd5 0-1

[Event "46th Bosna it"]
[Site "Sarajevo BIH"]
[Date "2016.06.01"]
[Round "7.31"]
[White "Maksimovic, Bojan"]
[Black "Halilovic, Fahrudin"]
[Result "1-0"]
[WhiteElo "2161"]
[BlackElo "1973"]
[EventDate "2016.05.28"]
[PlyCount "35"]

1.e4 c5 2.Nf3 e6 3.d4 cxd4 4.Nxd4 Nf6 5.Nc3 Bb4 6.Bd3 Nc6 7.Nxc6 bxc6 8.
O-O d5 9.e5 Nd7 10.Qg4 g6 11.Qxb4 Nxe5 12.Re1 f6 13.f4 Nf7 14.Qc5 Bd7 15.
b4 a6 16.Bb2 Qc7 17.Nxd5 Qb8 18.Qe7# 1-0

[Event "46th Bosna it"]
[Site "Sarajevo BIH"]
[Date "2016.06.01"]
[Round "7.32"]
[White "Aleksic, Neven"]
[Black "Lakovic, Igor"]
[Result "1-0"]
[WhiteElo "2146"]
[BlackElo "1944"]
[EventDate "2016.05.28"]
[PlyCount "67"]

1.d4 Nf6 2.c4 e6 3.Nf3 b6 4.g3 Ba6 5.Nbd2 d5 6.Bg2 Be7 7.O-O O-O 8.Ne5 Bb7
9.b3 c5 10.e3 Nc6 11.Bb2 Qc7 12.cxd5 exd5 13.Rc1 Rac8 14.Nxc6 Qxc6 15.Qe2 
Rfe8 16.Nf3 Qe6 17.Ne5 Ne4 18.f3 Nd6 19.f4 f5 20.Bf3 Rc7 21.Rc2 Rec8 22.
Rfc1 Ne4 23.Ba3 Bd6 24.g4 g6 25.gxf5 gxf5 26.Bb2 Bxe5 27.dxe5 Rg7+ 28.Kh1 
Qh6 29.Bxe4 fxe4 30.e6 d4 31.Bxd4 Qxe6 32.Bxg7 Kxg7 33.Rg1+ Kh8 34.Rc4 1-0

[Event "46th Bosna it"]
[Site "Sarajevo BIH"]
[Date "2016.06.01"]
[Round "7.33"]
[White "Sabic, Muris"]
[Black "Kolaric, Spela"]
[Result "1-0"]
[WhiteElo "1971"]
[BlackElo "2116"]
[EventDate "2016.05.28"]
[PlyCount "149"]

1.e4 c5 2.Nf3 e6 3.d3 Nc6 4.g3 a6 5.a4 g6 6.c3 Bg7 7.Bg2 Nge7 8.O-O d6 9.
Na3 O-O 10.Bg5 h6 11.Be3 Rb8 12.Qd2 Kh7 13.Nc2 b5 14.axb5 axb5 15.d4 Na5 
16.Qe2 cxd4 17.Bxd4 e5 18.Be3 Be6 19.Rfd1 Bc4 20.Qe1 Bb3 21.Qe2 Nc4 22.Bc1
Qc7 23.Re1 Rfc8 24.Ne3 Na5 25.Bh3 Rd8 26.Nd2 Nec6 27.Nxb3 Nxb3 28.Nd5 Qb7 
29.Ra3 Nc5 30.b4 Na4 31.Be3 Ra8 32.Rd1 Ne7 33.Nxe7 Qxe7 34.Qxb5 Rdb8 35.
Qd5 Nb6 36.Qa2 Rxa3 37.Qxa3 Nc4 38.Qc1 Qb7 39.Rd5 Qc6 40.Bf1 Bf8 41.Qd1 f5
42.f3 Rc8 43.b5 Qc7 44.Bf2 Nb6 45.Bxb6 Qxb6+ 46.Kg2 Qa5 47.Qb1 fxe4 48.
fxe4 Rxc3 49.b6 Qa4 50.b7 Rb3 51.b8=Q Rxb8 52.Qxb8 Qxe4+ 53.Kf2 Qxd5 54.
Qxf8 Qd4+ 55.Kg2 Qd2+ 56.Qf2 Qd5+ 57.Kg1 Kg7 58.Qe3 Qa5 59.Qe4 Qa7+ 60.Kg2
Qa2+ 61.Be2 Kf6 62.Qd3 h5 63.Qf3+ Kg7 64.Kg1 Qa1+ 65.Bf1 h4 66.g4 Qd4+ 67.
Kh1 d5 68.h3 Kh6 69.Qf8+ Kg5 70.Qe7+ Kf4 71.Qxh4 g5 72.Qe1 e4 73.Kg2 Qb2+ 
74.Be2 Qc2 75.Qg3# 1-0

[Event "46th Bosna it"]
[Site "Sarajevo BIH"]
[Date "2016.06.01"]
[Round "7.34"]
[White "Sadikovic, Jasmin"]
[Black "Cabric, Izet"]
[Result "1-0"]
[WhiteElo "2106"]
[BlackElo "1930"]
[EventDate "2016.05.28"]
[PlyCount "109"]

1.e4 d6 2.d4 Nf6 3.Nc3 g6 4.f4 Bg7 5.e5 Nfd7 6.Nf3 O-O 7.Qe2 c5 8.e6 fxe6 
9.Qxe6+ Kh8 10.Ng5 Qe8 11.Qh3 Nf6 12.Qh4 e5 13.dxe5 dxe5 14.Bb5 Bd7 15.
Bxd7 Nbxd7 16.O-O h6 17.Bd2 Kg8 18.fxe5 Nxe5 19.Nf3 g5 20.Qf2 b6 21.Rae1 
Nfg4 22.Qg3 Rd8 23.Bc1 Nxf3+ 24.gxf3 Ne5 25.f4 gxf4 26.Bxf4 Rf5 27.Bxh6 
Rxf1+ 28.Kxf1 Qf7+ 29.Kg2 Ng6 30.Bxg7 Rd2+ 31.Kh1 Kxg7 32.Ne4 Rxc2 33.Rg1 
Qe6 34.Qd3 Rc4 35.Rxg6+ Kxg6 36.Nd2+ Kh5 37.Nxc4 b5 38.Ne3 Qxa2 39.Qxb5 
Qb1+ 40.Kg2 Qe4+ 41.Kf2 Qf4+ 42.Ke2 Qxh2+ 43.Kd3 Qd6+ 44.Kc2 Kg5 45.Qc4 
Kf6 46.Qh4+ Kf7 47.Qh5+ Qg6+ 48.Qxg6+ Kxg6 49.Kc3 Kf6 50.Kc4 Ke5 51.Kxc5 
Ke4 52.Nc4 Kd3 53.b4 Kc3 54.Na5 a6 55.Nc6 1-0

[Event "46th Bosna it"]
[Site "Sarajevo BIH"]
[Date "2016.06.01"]
[Round "7.35"]
[White "Bucevac, Ljubisa"]
[Black "Nestorovic, Katarina"]
[Result "0-1"]
[WhiteElo "2080"]
[BlackElo "1849"]
[EventDate "2016.05.28"]
[PlyCount "56"]

1.e4 c5 2.d4 cxd4 3.c3 Nf6 4.e5 Nd5 5.cxd4 e6 6.Nc3 d6 7.Nf3 Nxc3 8.bxc3 
Qc7 9.Bd2 Bd7 10.Bd3 Bc6 11.O-O Nd7 12.exd6 Bxd6 13.h3 O-O 14.c4 b6 15.Rb1
Nf6 16.Be3 Rac8 17.Ne1 Rfd8 18.Rc1 Bh2+ 19.Kh1 Bf4 20.Qd2 Bxe3 21.Qxe3 Qd7
22.Nc2 Qb7 23.Kh2 Bxg2 24.Rg1 Be4 25.Be2 Qd7 26.Qg5 Qd6+ 27.Rg3 Bg6 28.Bf3
Rxc4 0-1

[Event "46th Bosna it"]
[Site "Sarajevo BIH"]
[Date "2016.06.01"]
[Round "7.36"]
[White "Strinic, Halid"]
[Black "Oputic, Mirsad"]
[Result "1-0"]
[WhiteElo "2073"]
[BlackElo "1894"]
[EventDate "2016.05.28"]
[PlyCount "71"]

1.e4 e5 2.Nf3 d6 3.d4 exd4 4.Nxd4 Nf6 5.Nc3 Nc6 6.Be2 Be7 7.Be3 Nxd4 8.
Bxd4 a6 9.f4 h5 10.h3 Be6 11.Bf3 c6 12.Qe2 Qc7 13.f5 Bd7 14.O-O-O c5 15.
Bxf6 gxf6 16.Nd5 Qa5 17.a3 Bb5 18.Qf2 Bc6 19.Qh4 Bxd5 20.Rxd5 Qb6 21.Bxh5 
Kd7 22.Rhd1 Qc6 23.g4 Kc7 24.Qe1 Rhf8 25.h4 b5 26.Qd2 Rad8 27.Kb1 Qb6 28.
g5 b4 29.a4 Rh8 30.Bxf7 Rxh4 31.g6 Bf8 32.e5 b3 33.cxb3 fxe5 34.f6 Rg4 35.
Rxe5 Qxb3 36.Bxb3 1-0

[Event "46th Bosna it"]
[Site "Sarajevo BIH"]
[Date "2016.06.01"]
[Round "7.37"]
[White "Hadziselimovic, Bernardina"]
[Black "Nezirovic, Ozren"]
[Result "1-0"]
[WhiteElo "1948"]
[BlackElo "2067"]
[EventDate "2016.05.28"]
[PlyCount "114"]

1.e4 e5 2.Nf3 Nc6 3.d4 exd4 4.Nxd4 Bc5 5.Be3 Qf6 6.c3 Nge7 7.Bc4 O-O 8.O-O
b6 9.Nc2 Qg6 10.Bxc5 bxc5 11.Re1 d6 12.f4 Kh8 13.f5 Qf6 14.Ne3 Ne5 15.Nd2 
Bb7 16.Be2 d5 17.Ng4 Nxg4 18.Bxg4 dxe4 19.Nxe4 Bxe4 20.Rxe4 Rad8 21.Qf3 
Nc8 22.Rae1 Nd6 23.Re5 c4 24.Qc6 Ne8 25.Qxc4 Qb6+ 26.Qc5 Nf6 27.Qxb6 axb6 
28.Bf3 Rd2 29.R1e2 Rfd8 30.Kf2 g6 31.fxg6 hxg6 32.g4 Kg7 33.Rxd2 Rxd2+ 34.
Re2 Rd3 35.h4 Nd7 36.Re7 Kf6 37.Re4 Nc5 38.Rf4+ Ke6 39.Ke2 Rd8 40.c4 f5 
41.Bd5+ Ke5 42.Ke3 Nd3 43.Rf1 Nxb2 44.h5 gxh5 45.Rxf5+ Kd6 46.Rxh5 Rd7 47.
Kd4 Rg7 48.g5 Na4 49.Rh6+ Ke7 50.g6 Kf6 51.Bf7 Nc5 52.Kd5 Nd7 53.Rh2 Nf8 
54.Rf2+ Ke7 55.Re2+ Kf6 56.Kc6 Nxg6 57.Bxg6 Rxg6 1-0

[Event "46th Bosna it"]
[Site "Sarajevo BIH"]
[Date "2016.06.01"]
[Round "7.38"]
[White "Kozarcanin, Sead"]
[Black "Yavic, Adnan"]
[Result "0-1"]
[WhiteElo "2053"]
[BlackElo "1696"]
[EventDate "2016.05.28"]
[PlyCount "93"]

1.e4 e6 2.d3 c5 3.Nf3 Nc6 4.g3 Nf6 5.Bg2 b6 6.O-O Bb7 7.Re1 Be7 8.e5 Nd5 
9.Nbd2 O-O 10.Nc4 f6 11.exf6 Nxf6 12.Nfe5 Qc8 13.Nxc6 Bxc6 14.Bxc6 Qxc6 
15.Ne5 Qb7 16.f4 Rae8 17.a4 Bd6 18.b3 Bxe5 19.fxe5 Nd5 20.Qg4 Rf7 21.Bd2 
Ref8 22.Qe4 Qc8 23.Re2 Rf5 24.g4 Rf3 25.Rg2 R8f7 26.Kh1 Qf8 27.Rag1 Ne7 
28.Bg5 Ng6 29.h4 d5 30.exd6 Qxd6 31.Rh2 Ne5 32.Re1 Qf8 33.Be3 Rg3 34.Rg1 
Rf1 35.Bf2 Rfxg1+ 36.Bxg1 Rxg4 37.Qe2 Qf4 38.Bf2 h5 39.Be1 Qf3+ 40.Rg2 
Qxe2 41.Rxe2 Nf3 42.Bf2 Kf7 43.a5 Nxh4 44.Re1 Nf5 45.axb6 axb6 46.Ra1 g5 
47.c3 0-1

[Event "46th Bosna it"]
[Site "Sarajevo BIH"]
[Date "2016.06.01"]
[Round "7.39"]
[White "Urh, Zala"]
[Black "Sitnic, Adnan"]
[Result "0-1"]
[WhiteElo "1860"]
[BlackElo "2046"]
[EventDate "2016.05.28"]
[PlyCount "66"]

1.d4 Nf6 2.c4 e6 3.Nc3 Bb4 4.Nf3 O-O 5.Bg5 c5 6.e3 Qa5 7.Bxf6 Bxc3+ 8.bxc3
Qxc3+ 9.Nd2 gxf6 10.h4 cxd4 11.Rc1 Qa3 12.exd4 Kh8 13.Rh3 Qe7 14.Rg3 f5 
15.Qh5 Nc6 16.Rcc3 Nxd4 17.Qh6 f6 18.Rg6 f4 19.Ne4 Nf5 20.Qh5 Qf7 21.Rxf6 
Qxh5 22.Rxf8+ Kg7 23.Rg8+ Kf7 24.Rg5 Qh6 25.Rf3 Qf8 26.Rxf4 Qb4+ 27.Nd2 h6
28.Rgg4 Qc3 29.Be2 d6 30.h5 Bd7 31.c5 Rc8 32.Bc4 Rxc5 33.Rg6 Qe5+ 0-1

[Event "46th Bosna it"]
[Site "Sarajevo BIH"]
[Date "2016.06.01"]
[Round "7.41"]
[White "Selimovic, Amir"]
[Black "Stojkovska, Monika"]
[Result "0-1"]
[WhiteElo "1944"]
[BlackElo "2030"]
[EventDate "2016.05.28"]
[PlyCount "76"]

1.e4 e6 2.d4 d5 3.Nc3 Bb4 4.exd5 exd5 5.Bd3 Nc6 6.a3 Bxc3+ 7.bxc3 Nge7 8.
Qf3 Be6 9.Ne2 Qd7 10.Ng3 O-O-O 11.a4 Rde8 12.O-O h5 13.h3 f6 14.Re1 h4 15.
Nh5 Reg8 16.Ba3 Bf5 17.Bxe7 Bxd3 18.cxd3 Nxe7 19.a5 a6 20.c4 Qf5 21.Qxf5+ 
Nxf5 22.Nf4 dxc4 23.dxc4 Nxd4 24.Ng6 Nc2 25.Nxh8 Rxh8 26.Rad1 Nxe1 27.Rxe1
Kd7 28.Re4 g5 29.f4 Re8 30.Rd4+ Kc6 31.fxg5 fxg5 32.Rd5 Re4 33.Rxg5 Rxc4 
34.g4 hxg3 35.Rxg3 Kb5 36.Rg5+ c5 37.Rg7 Kxa5 38.Rxb7 Rc3 0-1

[Event "46th Bosna it"]
[Site "Sarajevo BIH"]
[Date "2016.06.01"]
[Round "7.42"]
[White "Marn, Jan"]
[Black "Pestek, Elvis"]
[Result "0-1"]
[WhiteElo "1831"]
[BlackElo "2003"]
[EventDate "2016.05.28"]
[PlyCount "49"]

1.e4 e6 2.d4 d5 3.e5 c5 4.c3 Nc6 5.Nf3 Bd7 6.a3 Rc8 7.b4 cxd4 8.cxd4 Nge7 
9.Be3 Nf5 10.Bd3 Nxe3 11.fxe3 Be7 12.O-O O-O 13.Nbd2 f6 14.Qb1 f5 15.Kh1 
Kh8 16.Rg1 h5 17.h3 g6 18.g4 fxg4 19.hxg4 Rf7 20.gxh5 Rh7 21.Kg2 gxh5 22.
Kf2 Bh4+ 23.Ke2 Be8 24.Nxh4 Qxh4 25.Nf3 0-1

[Event "46th Bosna it"]
[Site "Sarajevo BIH"]
[Date "2016.06.01"]
[Round "7.43"]
[White "Janjic, Nikola"]
[Black "Jovovic, Milan"]
[Result "1-0"]
[WhiteElo "1827"]
[BlackElo "1991"]
[EventDate "2016.05.28"]
[PlyCount "73"]

1.c4 e5 2.Nc3 Nf6 3.g3 d5 4.cxd5 Nxd5 5.Bg2 Nb6 6.e3 Nc6 7.Nge2 Bg4 8.O-O 
Be7 9.d4 exd4 10.exd4 O-O 11.h3 Be6 12.d5 Bxh3 13.Bxh3 Ne5 14.Bg2 h5 15.
Bf4 Ng6 16.Rc1 h4 17.Nb5 Nxf4 18.Nxf4 hxg3 19.fxg3 a6 20.Nd4 Nd7 21.Be4 
Nf6 22.Qf3 g6 23.Bxg6 fxg6 24.Nde6 Qd6 25.Nxf8 Rxf8 26.Nxg6 Rf7 27.Nxe7+ 
Qxe7 28.Rce1 Qc5+ 29.Kh1 Qc2 30.Rf2 Qg6 31.Re6 Kg7 32.d6 cxd6 33.Rxd6 Qg5 
34.Rxf6 Rxf6 35.Qxf6+ Qxf6 36.Rxf6 Kxf6 37.Kg2 1-0

[Event "46th Bosna it"]
[Site "Sarajevo BIH"]
[Date "2016.06.01"]
[Round "7.44"]
[White "Bucan, Eldin"]
[Black "Markovic, Rade A"]
[Result "1-0"]
[WhiteElo "2179"]
[BlackElo "1730"]
[EventDate "2016.05.28"]
[PlyCount "35"]

1.e4 e5 2.Nf3 Nc6 3.Bc4 Bc5 4.O-O Nf6 5.d4 exd4 6.e5 d5 7.exf6 dxc4 8.fxg7
Rg8 9.Re1+ Be6 10.Ng5 Qf6 11.Nxe6 fxe6 12.Qh5+ Qg6 13.Rxe6+ Be7 14.Rxg6 
hxg6 15.Qxg6+ Kd7 16.Qg4+ Ke8 17.Bh6 Rd8 18.Qe6 1-0

[Event "46th Bosna it"]
[Site "Sarajevo BIH"]
[Date "2016.06.01"]
[Round "7.46"]
[White "Markovic, Dino"]
[Black "Sejmenovic, Senad"]
[Result "1-0"]
[WhiteElo "2013"]
[BlackElo "1802"]
[EventDate "2016.05.28"]
[PlyCount "81"]

1.d4 d5 2.c4 c6 3.Nc3 g6 4.cxd5 cxd5 5.Nf3 Bg7 6.e3 e6 7.Be2 Nf6 8.O-O O-O
9.Bd2 Nc6 10.a3 a6 11.b4 Bd7 12.Na4 Ne4 13.Nc5 Nxc5 14.bxc5 Ne7 15.Rb1 Bc6
16.Bc3 Nf5 17.Bd3 Kh8 18.Bc2 Qd7 19.Qd2 Bf6 20.Rfd1 Nh4 21.Nxh4 Bxh4 22.e4
Bf6 23.e5 Bg7 24.f4 f5 25.Qf2 h5 26.Qh4 Kh7 27.g4 Qf7 28.gxh5 gxh5 29.Kh1 
Bh6 30.Rf1 Rg8 31.Bd1 Qg7 32.Bf3 Bb5 33.Rg1 Qd7 34.Qxh5 Bd3 35.Rbe1 Be4 
36.Bxe4 dxe4 37.Rg5 Qe8 38.Qh4 Qe7 39.Reg1 Qf7 40.R1g3 Rae8 41.Qxh6+ 1-0

[Event "46th Bosna it"]
[Site "Sarajevo BIH"]
[Date "2016.06.01"]
[Round "7.47"]
[White "Stanivukovic, Drago"]
[Black "Strinic, Hamdija"]
[Result "1/2-1/2"]
[WhiteElo "1890"]
[BlackElo "1689"]
[EventDate "2016.05.28"]
[PlyCount "65"]

1.e4 e5 2.Nf3 Nc6 3.Bc4 Nf6 4.d3 Be7 5.a4 O-O 6.O-O d5 7.exd5 Nxd5 8.h3 
Be6 9.Re1 Bf6 10.c3 Qd7 11.b4 Rad8 12.Qe2 e4 13.b5 Nxc3 14.Nxc3 Bxc3 15.
bxc6 exf3 16.Qxe6 Qxe6 17.Rxe6 Bxa1 18.Re7 bxc6 19.Rxc7 Rb8 20.Ba2 Be5 21.
Rxa7 Kh8 22.gxf3 f5 23.f4 Bd4 24.Rc7 c5 25.Kg2 h6 26.Bd5 Rfe8 27.Bf3 Re1 
28.Bd2 Ra1 29.Be3 Rxa4 30.Bc6 Ra6 31.Bd5 Rd6 32.Bc4 Rb2 33.Kf3 1/2-1/2

[Event "46th Bosna it"]
[Site "Sarajevo BIH"]
[Date "2016.06.01"]
[Round "7.48"]
[White "Johnen, Franz"]
[Black "Jelen, Darko"]
[Result "1-0"]
[WhiteElo "1693"]
[BlackElo "2018"]
[EventDate "2016.05.28"]
[PlyCount "151"]

1.d4 Nf6 2.Nf3 d5 3.e3 c6 4.c4 e6 5.Be2 Bd6 6.Nc3 O-O 7.b3 Nbd7 8.Bb2 Qe7 
9.Qc2 b6 10.Rc1 Bb7 11.O-O Rac8 12.cxd5 exd5 13.Bd3 Rfe8 14.Bf5 g6 15.Bd3 
Ba3 16.Nb1 Bxb2 17.Qxb2 Ne4 18.Qa3 a5 19.Qxe7 Rxe7 20.Rc2 Ra8 21.Rfc1 f6 
22.Nc3 Nxc3 23.Rxc3 a4 24.b4 b5 25.h4 Nb6 26.Nd2 Nc4 27.Bxc4 bxc4 28.a3 
Bc8 29.f3 Bd7 30.Kf2 h5 31.Re1 Rae8 32.Nf1 Bf5 33.Ng3 Bd3 34.Rcc1 Kg7 35.
Rc3 Kh6 36.f4 Rf7 37.Ne2 g5 38.hxg5+ fxg5 39.g3 h4 40.gxh4 gxh4 41.Rh1 Kh5
42.Ng1 Rfe7 43.Nf3 Rxe3 44.Rxh4+ Kg6 45.Ne5+ R3xe5 46.fxe5 Rf8+ 47.Ke3 Rf1
48.Rh2 Re1+ 49.Kd2 Re4 50.Rxd3 cxd3 51.Kxd3 Rg4 52.Re2 Kf7 53.Rf2+ Ke7 54.
Rf6 Rg3+ 55.Kc2 Kd7 56.Rf7+ Kd8 57.Rf6 Kc7 58.Kb2 Rb3+ 59.Ka2 Rd3 60.Rf7+ 
Kb6 61.Rf4 Kb5 62.Kb2 Kc4 63.Rf6 Rd2+ 64.Kc1 Rxd4 65.Rxc6+ Kb3 66.b5 Kxa3 
67.b6 Kb3 68.Kb1 a3 69.Rc1 a2+ 70.Ka1 Rb4 71.Rc6 d4 72.e6 d3 73.Rd6 Kc3 
74.e7 Re4 75.b7 Rxe7 76.b8=Q 1-0

[Event "46th Bosna it"]
[Site "Sarajevo BIH"]
[Date "2016.06.01"]
[Round "7.49"]
[White "Kocanovic, Armin"]
[Black "Medic, Nevenko"]
[Result "1/2-1/2"]
[WhiteElo "1592"]
[BlackElo "2000"]
[EventDate "2016.05.28"]
[PlyCount "40"]

1.e4 c6 2.d4 d5 3.Nc3 dxe4 4.Nxe4 Nd7 5.Nf3 Ngf6 6.Nxf6+ Nxf6 7.Bc4 e6 8.
O-O Be7 9.Bg5 O-O 10.c3 Qc7 11.Rc1 b6 12.Re1 Bb7 13.Bb3 Rad8 14.Ne5 Nd5 
15.Bxe7 Qxe7 16.Bc2 Nf6 17.f4 c5 18.f5 cxd4 19.cxd4 Qd6 20.fxe6 fxe6 
1/2-1/2

[Event "46th Bosna it"]
[Site "Sarajevo BIH"]
[Date "2016.06.01"]
[Round "7.50"]
[White "Lipovcic, Marko"]
[Black "Cunjalo, Faris"]
[Result "0-1"]
[WhiteElo "1281"]
[BlackElo "1966"]
[EventDate "2016.05.28"]
[PlyCount "142"]

1.e4 c6 2.d4 d5 3.exd5 cxd5 4.c4 Nf6 5.c5 Nc6 6.Bf4 Bf5 7.Nc3 a6 8.Nf3 e6 
9.h3 Be7 10.Bd3 Bg6 11.O-O O-O 12.Bxg6 hxg6 13.Na4 Nd7 14.Qd3 Qc8 15.Ne5 
Ncxe5 16.Bxe5 Qc6 17.Bg3 Nf6 18.f3 Nh5 19.Bh2 g5 20.Qc2 Qb5 21.Nb6 Rad8 
22.a4 Qb4 23.Rad1 Bf6 24.Qd2 Qxd2 25.Rxd2 Nf4 26.Kf2 Rfe8 27.b4 Rb8 28.Nd7
Rbd8 29.Nxf6+ gxf6 30.Bxf4 gxf4 31.b5 Ra8 32.Rb1 a5 33.c6 b6 34.Rc1 Ra7 
35.Rdc2 Rc8 36.c7 Kf8 37.Rc6 Rb7 38.g4 fxg3+ 39.Kxg3 Kg7 40.Kg4 Kh6 41.h4 
Rg8+ 42.Kh3 Rc8 43.f4 f5 44.Rd6 Rcxc7 45.Rxb6 Rxc1 46.Rxb7 Rc3+ 47.Kg2 Rc4
48.Rb8 Rxa4 49.b6 Rb4 50.b7 Kh7 51.Kf3 a4 52.Ra8 Rb3+ 53.Kf2 Rxb7 54.Rxa4 
Kg6 55.Ra8 Rb4 56.Ke3 Rb3+ 57.Kf2 Rh3 58.Rh8 Kg7 59.Rh5 Rd3 60.Rg5+ Kh6 
61.Rg3 Rxd4 62.Ke3 Ra4 63.Rg8 Ra3+ 64.Kd4 f6 65.Re8 Ra4+ 66.Ke3 Re4+ 67.
Kd3 Kh5 68.Rh8+ Kg4 69.h5 Kxf4 70.h6 Ke5 71.h7 Rh4 0-1

[Event "46th Bosna it"]
[Site "Sarajevo BIH"]
[Date "2016.06.01"]
[Round "7.52"]
[White "Sajin, Mladen"]
[Black "Pleh, Semir"]
[Result "1/2-1/2"]
[WhiteElo "1892"]
[BlackElo "1715"]
[EventDate "2016.05.28"]
[PlyCount "80"]

1.e4 d6 2.d4 Nf6 3.Nc3 c6 4.Bd3 g6 5.Nf3 Bg7 6.O-O O-O 7.h3 Nbd7 8.Qe2 e5 
9.Be3 b5 10.b4 Bb7 11.dxe5 dxe5 12.Nd2 Qe7 13.Rab1 a5 14.a3 axb4 15.axb4 
Ra3 16.Nb3 Rfa8 17.Bd2 Bf8 18.Na5 Nb6 19.Qe1 Na4 20.Bxb5 Nxc3 21.Nxc6 Bxc6
22.Bxc6 Nxb1 23.Qxb1 Ra1 24.Qb3 Rxf1+ 25.Kxf1 Ra1+ 26.Ke2 Qc7 27.b5 Bc5 
28.Bg5 Nd7 29.Qd5 Bd6 30.Bd8 Qxd8 31.Qxd6 Qa5 32.Qxd7 Qe1+ 33.Kf3 Qd1+ 34.
Qxd1 Rxd1 35.b6 Kf8 36.b7 Rb1 37.Kg4 h6 38.h4 Ke7 39.g3 Kd6 40.Bd5 f6 
1/2-1/2

[Event "46th Bosna it"]
[Site "Sarajevo BIH"]
[Date "2016.06.01"]
[Round "7.54"]
[White "Colpa, Fahrudin"]
[Black "Fejzic, Edo"]
[Result "1-0"]
[WhiteElo "1864"]
[BlackElo "1696"]
[EventDate "2016.05.28"]
[PlyCount "99"]

1.e4 c5 2.c3 g6 3.d4 cxd4 4.cxd4 d5 5.exd5 Qxd5 6.Nc3 Qd8 7.Bc4 Bg7 8.Nf3 
Nf6 9.O-O O-O 10.h3 a6 11.Bf4 b5 12.Bb3 Bb7 13.Re1 e6 14.Qe2 Nd5 15.Bg5 
Nxc3 16.bxc3 Bf6 17.Bh6 Re8 18.Rad1 Bd5 19.c4 bxc4 20.Bxc4 Nc6 21.Bxa6 Qb6
22.Bc4 Bxf3 23.Qxf3 Bxd4 24.Rb1 Qc5 25.Rec1 Ne5 26.Qe2 Rac8 27.Bxe6 Qxc1+ 
28.Rxc1 Rxc1+ 29.Bxc1 Rxe6 30.Be3 Nc6 31.Qf3 Bxe3 32.fxe3 Kf8 33.a4 Ke7 
34.Qf4 f5 35.Qc7+ Kf6 36.a5 Nxa5 37.Qxa5 Rxe3 38.Qd8+ Re7 39.Kf2 g5 40.
Qf8+ Rf7 41.Qh6+ Ke5 42.Qxg5 Ke6 43.Kf3 Ke5 44.Qg8 Kf6 45.Kf4 Rg7 46.Qd8+ 
Re7 47.g3 Ke6 48.Qb6+ Kd5 49.Kxf5 Re5+ 50.Kf6 1-0

[Event "46th Bosna it"]
[Site "Sarajevo BIH"]
[Date "2016.06.01"]
[Round "7.55"]
[White "Agic, Ahmed"]
[Black "Maric, Vedran"]
[Result "1/2-1/2"]
[WhiteElo "1856"]
[BlackElo "1588"]
[EventDate "2016.05.28"]
[PlyCount "70"]

1.d4 Nf6 2.c4 g6 3.Nc3 Bg7 4.e4 d6 5.h3 O-O 6.Nf3 e5 7.d5 Nbd7 8.Bg5 h6 9.
Be3 Nc5 10.Qc2 Ne8 11.b4 Na6 12.a3 f5 13.Bd3 Nf6 14.exf5 e4 15.Nxe4 Nxe4 
16.fxg6 Bxa1 17.Bxe4 Bg7 18.Nd4 Qf6 19.O-O Bd7 20.Qd2 Rae8 21.Bd3 Qh4 22.
Ne2 Bf5 23.Kh2 Bxd3 24.Qxd3 Rf6 25.g3 Qh5 26.Nf4 Qf3 27.Ne6 Rfxe6 28.dxe6 
Rxe6 29.c5 Qe4 30.Qb3 Qxg6 31.cxd6 cxd6 32.Bxa7 Kh7 33.Qd5 Qe4 34.Qb3 Nc7 
35.f3 Qg6 1/2-1/2

[Event "46th Bosna it"]
[Site "Sarajevo BIH"]
[Date "2016.06.01"]
[Round "7.60"]
[White "Draganovic, Sulejman"]
[Black "Fejzic, Danis"]
[Result "1-0"]
[WhiteElo "2082"]
[BlackElo "1373"]
[EventDate "2016.05.28"]
[PlyCount "109"]

1.d4 Nf6 2.c4 g6 3.Nc3 Bg7 4.Nf3 O-O 5.e4 d6 6.Be2 c5 7.d5 Nbd7 8.O-O Nb6 
9.Bd2 Bd7 10.Qc1 Re8 11.Rb1 a5 12.Bh6 Bh8 13.h3 Qc8 14.Kh2 Bg7 15.Bd3 e5 
16.Qg5 Qd8 17.Nd2 Nh5 18.Qxd8 Raxd8 19.Bxg7 Kxg7 20.g3 g5 21.b3 Re7 22.Be2
Nf6 23.f3 Rde8 24.Kg2 h5 25.Rf2 h4 26.g4 Rc8 27.Nf1 Ng8 28.Ne3 Nh6 29.Bd3 
Kf8 30.Rfb2 Rb8 31.a3 Be8 32.b4 axb4 33.axb4 cxb4 34.Rxb4 Nc8 35.Bc2 b6 
36.Ba4 Bxa4 37.Rxa4 Ra7 38.Rba1 Rxa4 39.Rxa4 Kg7 40.Nb5 Kf6 41.Kf2 Ke7 42.
Ke2 Kd7 43.Kd3 Kd8 44.Kc3 Kd7 45.Kb4 Kd8 46.Na7 Nxa7 47.Rxa7 Kc8 48.Kb5 
Rb7 49.Ra8+ Kc7 50.Ka6 f6 51.Rh8 Nf7 52.Rh7 Kc8 53.Nf5 Rc7 54.Rxf7 Rxf7 
55.Nxd6+ 1-0

[Event "46th Bosna it"]
[Site "Sarajevo BIH"]
[Date "2016.06.01"]
[Round "7.61"]
[White "Sinik, Yagmur"]
[Black "Krug, Franz-Dieter"]
[Result "1-0"]
[WhiteElo "1394"]
[BlackElo "1680"]
[EventDate "2016.05.28"]
[PlyCount "46"]

1.e4 e5 2.Nf3 d6 3.d4 exd4 4.Nxd4 Nd7 5.Nc3 Ngf6 6.Be3 g6 7.Bc4 Ne5 8.Bb3 
Bg7 9.h3 O-O 10.O-O a6 11.Nf3 Nxf3+ 12.Qxf3 Nd7 13.Rad1 Ne5 14.Qe2 Bd7 15.
f4 Nc6 16.a3 b5 17.Bd5 Rb8 18.Qf3 Ne7 19.Bb3 Be6 20.Qf2 Bxc3 21.bxc3 Bc4 
22.Rfe1 Be6 23.Rd2 Nf5 1-0

[Event "46th Bosna it"]
[Site "Sarajevo BIH"]
[Date "2016.06.02"]
[Round "8.13"]
[White "Tica, Sven"]
[Black "Arapovic, Vitomir"]
[Result "1/2-1/2"]
[WhiteElo "2188"]
[BlackElo "2350"]
[EventDate "2016.05.28"]
[PlyCount "73"]

1.d4 Nf6 2.c4 g6 3.Nc3 Bg7 4.Nf3 O-O 5.Bf4 d6 6.e3 Nbd7 7.h3 b6 8.Be2 Bb7 
9.Qc2 e5 10.dxe5 Nxe5 11.Nxe5 dxe5 12.Bxe5 Bxg2 13.Rg1 Bb7 14.Nb5 Ne8 15.
Bxg7 Nxg7 16.c5 bxc5 17.Qxc5 Ne6 18.Qe5 Re8 19.Rg4 a6 20.Nd4 Nxd4 21.Qxd4 
Qe7 22.Rc1 Bc8 23.Rg3 Be6 24.a3 a5 25.h4 Red8 26.Qf4 Qd6 27.Rxc7 Qxf4 28.
exf4 Rab8 29.Rc2 Bf5 30.Rd2 Rxd2 31.Kxd2 Rxb2+ 32.Ke1 Be6 33.h5 a4 34.hxg6
hxg6 35.Bd1 Bb3 36.Bxb3 axb3 37.f5 1/2-1/2

[Event "46th Bosna it"]
[Site "Sarajevo BIH"]
[Date "2016.06.02"]
[Round "8.14"]
[White "Burovic, Rijad"]
[Black "Hodzic, Nihad"]
[Result "0-1"]
[WhiteElo "2347"]
[BlackElo "2215"]
[EventDate "2016.05.28"]
[PlyCount "84"]

1.e4 e6 2.d3 c5 3.g3 d5 4.Nd2 Nc6 5.Bg2 Nf6 6.Ngf3 Be7 7.O-O O-O 8.Re1 b5 
9.exd5 exd5 10.a4 b4 11.d4 c4 12.Ne5 Nxd4 13.Ndxc4 Bc5 14.Be3 Ne6 15.Bxc5 
Nxc5 16.Nc6 Qc7 17.Ne7+ Kh8 18.Nxd5 Nxd5 19.Bxd5 Bb7 20.Bxb7 Qxb7 21.Qe2 
Ne6 22.Nd6 Qe7 23.Rad1 Rad8 24.Qe5 Qc7 25.c4 bxc3 26.bxc3 Nc5 27.Qe7 Qxe7 
28.Rxe7 Kg8 29.a5 f5 30.Rd5 Ne4 31.Re6 Nxc3 32.Rxf5 Ne2+ 33.Rxe2 Rxd6 34.
Rc5 Rd7 35.Kg2 h6 36.f4 Kh7 37.Kh3 Rb8 38.Kh4 Rb4 39.Rf2 Rbd4 40.g4 Rd3 
41.Rg2 R7d5 42.Rgc2 g5+ 0-1

[Event "46th Bosna it"]
[Site "Sarajevo BIH"]
[Date "2016.06.02"]
[Round "8.15"]
[White "Trkulja, Goran"]
[Black "Terzic, Ilijas"]
[Result "1/2-1/2"]
[WhiteElo "2320"]
[BlackElo "2165"]
[EventDate "2016.05.28"]
[PlyCount "86"]

1.Nf3 Nc6 2.d4 d5 3.g3 Bg4 4.Bg2 Qd7 5.c4 e6 6.cxd5 exd5 7.a3 Bh3 8.O-O 
Bxg2 9.Kxg2 h5 10.h4 Nge7 11.Nc3 f6 12.Qd3 O-O-O 13.Bf4 Qf5 14.Qxf5+ Nxf5 
15.Rfd1 Nce7 16.Rac1 c6 17.b4 Ng6 18.Nxd5 Rxd5 19.e4 Nxf4+ 20.gxf4 Rb5 21.
exf5 Bd6 22.d5 Bxf4 23.Rc4 Bc7 24.dxc6 bxc6 25.Rxc6 Kb7 26.Rdc1 Bb6 27.Re6
Rxf5 28.Re7+ Ka6 29.a4 g5 30.Rc6 Rd8 31.hxg5 fxg5 32.Re5 Rdf8 33.Rxf5 Rxf5
34.a5 Kb7 35.axb6 Rxf3 36.bxa7 Rf5 37.Ra6 Ka8 38.Ra4 Re5 39.Kg3 Rf5 40.Ra6
Rb5 41.Rh6 h4+ 42.Kg4 Kxa7 43.Rf6 Kb7 1/2-1/2

[Event "46th Bosna it"]
[Site "Sarajevo BIH"]
[Date "2016.06.02"]
[Round "8.16"]
[White "Sinanovic, Ermin"]
[Black "Sutkovic, Damir"]
[Result "1/2-1/2"]
[WhiteElo "2153"]
[BlackElo "2316"]
[EventDate "2016.05.28"]
[PlyCount "63"]

1.d4 Nf6 2.c4 e6 3.Nc3 d5 4.Bg5 Be7 5.Nf3 O-O 6.e3 h6 7.Bh4 b6 8.cxd5 exd5
9.Bd3 Bb7 10.O-O Nbd7 11.Qc2 c5 12.Bf5 Re8 13.Bg3 Nh5 14.Be5 Nxe5 15.Nxe5 
Nf6 16.f4 a6 17.g4 Bd6 18.Qg2 Qe7 19.Rf3 Ne4 20.Rh3 cxd4 21.exd4 Bxe5 22.
fxe5 Ng5 23.Rg3 Ne6 24.Bxe6 fxe6 25.g5 h5 26.Rf3 Rf8 27.Raf1 Rxf3 28.Rxf3 
Rf8 29.h4 Bc6 30.a3 Rxf3 31.Qxf3 Be8 32.Qf1 1/2-1/2

[Event "46th Bosna it"]
[Site "Sarajevo BIH"]
[Date "2016.06.02"]
[Round "8.17"]
[White "Michalicka, Milan"]
[Black "Durakovic, Alman"]
[Result "1/2-1/2"]
[WhiteElo "2164"]
[BlackElo "2292"]
[EventDate "2016.05.28"]
[PlyCount "48"]

1.Nf3 Nf6 2.c4 c5 3.Nc3 g6 4.d4 cxd4 5.Nxd4 Bg7 6.e4 d6 7.Be2 O-O 8.O-O 
Nc6 9.Be3 Nxd4 10.Bxd4 Bd7 11.f3 a5 12.a3 Be6 13.b4 Nd7 14.Nb5 Bxd4+ 15.
Qxd4 Ne5 16.Rfd1 Nc6 17.Qc3 Qc8 18.c5 axb4 19.axb4 Rxa1 20.Rxa1 dxc5 21.
Qxc5 Rd8 22.Bf1 Qd7 23.Nc3 Qd4+ 24.Qxd4 Nxd4 1/2-1/2